Postacie fikcyjne połączone z brytyjskimi celebrytami - Statystyki

Ogólne statystyki
  • Ten quiz został rozwiązany 11 razy
  • Średni wynik to 7 z 18
Statystyki odpowiedzi
Odpowiedż % Poprawnych
Królowa Elżbieta II
91%
Kapitan {Jack Sparrow}
64%
Santa Claus
64%
Daniel Craig
55%
Diana Spencer
55%
Elza
55%
Emma Watson
55%
John Lennon
55%
Buzz Astral
45%
Marge Simpson
45%
Rowan Atkinson
36%
David Bowie
27%
Margaret Thatcher
27%
Christopher Lee
18%
Minerwa McGonagall
18%
Thor
18%
Księżniczka {Peach}
0%
Monkey D. Luffy
0%
Nie znaleziono quizów pasujących do podanych kryteriów
Rozkład punktacji
Procent ludzi z każdym wynikiem
Percentyl według liczby udzielonych odpowiedzi
Twoja historia wyników
Nie rozwiązałeś tego quizu